| 000 | 00746cam a22002295a 4500 | ||
|---|---|---|---|
| 005 | 20171206145244.0 | ||
| 008 | 081130s2009 enka fr 001 0 eng d | ||
| 010 | _a2001032889 | ||
| 020 | _a9780230216112 | ||
| 040 |
_aEG-ScBUE _beng _cEG-ScBUE _dEG-ScBUE |
||
| 082 | 0 | 4 |
_a004.0151 _bGRO _222 |
| 100 | 1 |
_aGrossman, Peter. _911569 |
|
| 245 | 1 | 0 |
_aDiscrete mathematics for computing / _cPeter Grossman. |
| 250 | _a3rd ed. | ||
| 260 |
_aHoundmills, UK ; _aNew York : _bPalgrave Macmillan, _c2009. |
||
| 300 |
_axii, 316 p. : _bforms, tables ; _c24 cm. |
||
| 500 | _aIndex : p. 312-316. | ||
| 650 | 7 |
_aComputer science _xMathematics. _2BUEsh _93550 |
|
| 651 | _2BUEsh | ||
| 653 |
_bCOMSCI _cOctober2011 _cOctober2014 _cDecember2017 |
||
| 942 |
_cBB _2ddc |
||
| 999 |
_c13434 _d13434 |
||